000 00819nam a22002057a 4500
999 _c13078
_d13078
003 AR-CdUCM
008 190411b ||||| |||| 00| 0 spa d
040 _aMUNICIPALIDAD PROVINCIAL DEL CUSCO
_cBIBLIOTECA MUNICIPAL DEL CUSCO
082 _a498.515 /
_bG77 / 1905
245 _aGramática elemental de la lengua Keshua en 20 lecciones /
260 _aLima :
_bTipografia fide del Perú,
_c1905.
300 _a136 paginas ;
_c15 cm.
505 _aContenido : Alfabeto Keshua, reglas de pronunciación -- Declinación genero, numero, nombres aumentativos, diminutivos -- Adjetivos -- Números cardinales -- Pronombre...
650 _aGramatica
_99175
650 _aLengua Keshua
_931276
650 _aPronombres
_931277
650 _aPartes de la oración
_931278
942 _2ddc
_cLIBROS
945 _awnts
_d2019-04-11